000 00502ntaaa2200193 4500
003 01
005 20251027202728.0
008 0714s1973 ag 01
040 _aAR-BaBN
_bspa
_cAR-BaBN
_eaacr
_dRIC
082 _a649.1000 H74
100 _aHolt, L. Emmett
_927182
245 _aCare and feeding of children
250 _a1 ed.
260 _aNew York :
_bE. Appleton-Century Company,
_cc1943
300 _axv, 321 p
650 _aniƱos-cuidados
_927183
650 _apuericultura
_96478
942 _cBK
999 _c22517
_d22517